000 00446nab a2200145Ia 4500
003 ES-SlBCS
005 20210601125233.0
008 140529s1974 xxu||||| |||| 00| 0 eng d
041 _aeng
100 1 _aBenfield, David W.
_9155707
245 0 4 _aThe A Priori-A Posteriori Distinction
_c David W. Benfield
650 0 4 _aA Priori
_9138145
773 0 _tPhilosophy and Phenomenological Research
_gvol. 35, 1974, págs. 151-166
_wRev1411
942 _cAR
999 _c527023
_d527023